000 01456nam0a2200337 i 4500
001 RU\NLR\BIBL_A\010565873
005 20260405120256.0
010 _a9785209061021
_9100
021 _aRU
_b2014-78895
_94821
035 _a(NILC)RuMoRGB-007569943
035 _a(NLR Aleph) 010565873
090 _a10402930
_c10402930
100 _a20141216d2014 k y0rusy50 ca
101 0 _arus
_deng
102 _aRU
105 _ay z 010yy
200 1 _aШкола сравнений
_eк 65-летию профессора Юрия Михайловича Почты
_e[сборник материалов
_fотв. ред. Н. С. Кирабаев]
210 _aМосква
_cРоссийский университет дружбы народов
_d2014
215 _a297, [1] с.
_d21
225 1 _aЛица Российского университета дружбы народов
300 _aРез. на англ. яз.
320 _aБиблиогр. в конце ст.
606 _aСоциальная философия
_jСборники
_yРоссия
_z20 - 21 вв.
_92121862
_3RU\NLR\AUTH\661584884
686 1 _aЮ6г(2)7я43
702 1 _4340
_8rus
_7ca
_aКирабаев
_bН. С.
_f1951-
_gНур Серикович
_3RU\NLR\AUTH\7746496
_929431
702 1 _aПочта
_bЮ. М.
_gЮрий Михайлович
_4570
801 0 _aRU
_bРГБ
_c20141020
_gRCR
942 _cBOOK
980 _aNBR